000 00510nam a2200193 a 4500
001 1771589609216
003 YourLibrary
005 20260220174643.0
008 260220s2009##################000#0#eng##
020 _a9781412808330
082 0 4 _a320.609
_bWEL
100 1 _aWeidenbaum, Murray L.,
_eauthor.
245 1 0 _aThe Competition of Ideas :
260 _bTransaction Pub,
_c2009.
300 _a118 pages
650 0 _aPolitical Science.
942 _cENGLISH
040 _aYourLibrary
_beng
_cYourLibrary
999 _c614783
_d614783